Word Ladder: Dream Teams Quiz Stats

 Plays Quiz Updated Feb 17, 2018

Challenge
Share
Tweet
Embed
Score 0/75 Timer 07:00
1 Play Today
Hint Answer % Correct
Dwyane from '08๐Ÿ€WADE๐Ÿ€
86.6%
Larry, from '92๐Ÿ€BIRD๐Ÿ€
86.5%
Opposite of lessMORE
86%
Jason from '00 and '08๐Ÿ€KIDD๐Ÿ€
84.8%
Nintendo racing game: Mario ____KART
83.6%
MTV's 'Pimp my ___'RIDE
83.3%
NASCAR's EarnhardtDALE
83.3%
Payton from '96 and '00๐Ÿ€GARY๐Ÿ€
83%
ImpoliteRUDE
81.9%
ChildrenKIDS
81.9%
Clinton's VP AlGORE
81.5%
Shopping centerMALL
80.6%
Malone from '92 and '96๐Ÿ€KARL๐Ÿ€
78.9%
Female horseMARE
78.6%
2000 Head Coach Tomjanovich๐Ÿ€RUDY๐Ÿ€
78%
Bar room projectileDART
77.9%
Stockton from '92 and '96๐Ÿ€JOHN๐Ÿ€
76.9%
Polite and niceKIND
76.9%
BroadWIDE
76.7%
Garland the actressJUDY
75.9%
Bryant from '08 and '12๐Ÿ€KOBE๐Ÿ€
75.4%
Alternative to truthDARE
75.1%
Chris from '08/'12 (George from '16)๐Ÿ€PAUL๐Ÿ€
74.8%
Tie up to prevent movementBIND
74.5%
BloodyGORY
74.1%
Inedible center of an appleCORE
74%
Grant from '96๐Ÿ€HILL๐Ÿ€
73.9%
Kevin from '12๐Ÿ€LOVE๐Ÿ€
73%
Room between the Study and LoungeHALL
72.9%
MaizeCORN
72.6%
GalaBALL
72.5%
A good to be soldWARE
71.3%
5280 feetMILE
71.2%
Shakespeare, for oneBARD
71.2%
Nickel, e.g.COIN
70.8%
Part of the earLOBE
70.7%
Ohio MLB teamREDS
70.3%
CautiousWARY
69.9%
Hint Answer % Correct
Like Shaq or KojakBALD
69.8%
UniteJOIN
69.5%
MurderKILL
69.3%
Lemon's partnerLIME
69%
Paul from 'Ant-Man'RUDD
68.2%
Darth who killed Qui-Gon JinnMAUL
68.1%
Canvas shoe companyKEDS
68.1%
Lowry from '16๐Ÿ€KYLE๐Ÿ€
68%
SimilarLIKE
67.3%
Grain grinding localeMILL
66.9%
Earth's largest satelliteMOON
66.3%
Director ApatowJUDD
65.8%
Small, sheltered inletCOVE
65.8%
Coffin coverPALL
65.7%
Michael from '08๐Ÿ€REDD๐Ÿ€
64.1%
Tom or bull, e.g.MALE
63.3%
Over 50%MOST
63.1%
Capital of TogoLOMร‰
62.1%
Traditional knowledgeLORE
61.9%
Earthly deposit of clay and chalkMARL
60.9%
TabletPILL
60.8%
Colloquially, a nocturnal scavengerCOON
60.6%
Audio equipment companyBOSE
60.5%
IrrelevantMOOT
59.8%
Lovett who married Julia RobertsLYLE
59.6%
Marc of 'Walking in Memphis'COHN
59.5%
'08, '12 and '16 Head Coach K๐Ÿ€MIKE๐Ÿ€
59.4%
Dermatologists' concernMOLE
58.8%
Chris from '08๐Ÿ€BOSH๐Ÿ€
58.6%
Despicable or evilVILE
57.1%
U-shaped stringed instrumentLYRE
56.8%
Tree trunkBOLE
53.3%
A certain type of pitMOSH
51.7%
River in GermanyKYLL
48.5%
1992 Head Coach Chuck๐Ÿ€DALY๐Ÿ€
47.6%
A gut feelingVIBE
34.3%
Painful heel ailmentKIBE
32.7%

Today's Daily Dose

You're not logged in!

Compare scores with friends on all Sporcle quizzes.
OR
Log In

You Might Also Like...

Show Comments

Extras

Top Quizzes Today


Score Distribution

Your Account Isn't Verified!

In order to create a playlist on Sporcle, you need to verify the email address you used during registration. Go to your Sporcle Settings to finish the process.

Report this User

Report this user for behavior that violates our Community Guidelines.

Details: